| LEADER 00000nam 2200000uu 4500 |
| 008 140708s2552||||th 000 0 tha d |
| 041 0 ^atha^beng
|
| 090 ^aวพ WU113 พ631ก 2552
|
| 100 0 ^aพิกุลพร ภูอาบอ่อน
|
| 245 10 ^aรายงานวิทยานิพนธ์เรื่อง การพัฒนาระบบการส่งเสริมสุขภาพช่องปากเด็กในศูนย์พัฒนาเด็กเล็ก โดยการมีส่วนร่วมของครอบครัวและชุมชน ตำบลหนองผือ อำเภอเขาวง จังหวัดกาฬสินธุ์ /^cพิกุลพร ภูอาบอ่อน
|
| 246 15 ^aFamily and community paticipation in oral health promotionsystem development of children in Chilcare Center, NongphuSubdistrict, Khaowong District, Kalasin Province
|
| 260 ^aขอนแก่น : ^bมหาวิทยาลัยขอนแก่น,^c2552
|
| 300 ^a[ก]-ญ, 133 แผ่น :^bภาพประกอบ
|
| 502 ^aวิทยานิพนธ์ (ส.ม.)--สาขาวิชาการบริหารสาธารณสุข บัณฑิตวิทยาลัย มหาวิทยาลัยขอนแก่น, 2552
|
| 650 4 ^aสุขภาพช่องปาก^xในเด็ก
|
| 650 4 ^aศูนย์พัฒนาเด็กเล็ก^xการจัดการ^zไทย^zกาฬสินธิ์
|
| 650 4 ^aการส่งเสริมสุขภาพ^zไทย^zกาฬสินธุ์
|
| 650 0 ^aวิทยานิพนธ์
|
| 710 2 ^aมหาวิทยาลัยขอนแก่น. บัณฑิตวิทยาลัย สาขาวิชาการบริหารสาธารณสุข
|
| 999 ^aใช้งานได้ทุกระบบ
|